[Event "Challenge"]
[Site "http://www.queenalice.com/game.php?id=1039114"]
[Date "2012.3.15"]
[Round "-"]
[White "jujuju"]
[Black "marcelohr"]
[Result "0-1"]
[WhiteElo "1789"]
[BlackElo "1525"]

1. d4 d5 2. Nf3 Nf6 3. e3 Bg4 4. Nc3 e6 5. h3 Bxf3 6. Qxf3 Nc6 7. Bb5 Bb4 8. Bd2
Ne4 9. Bxc6+ bxc6 10. Nxe4 dxe4 11. Qxe4 Bxd2+ 12. Kxd2 O-O 13. Qxc6 Rb8 14. b3
e5 15. c3 Rb6 16. Qa4 a6 17. Ke2 exd4 18. Qxd4 Rd6 19. Qf4 Rd2+ 20. Ke1 Qd3 21.
Qf3 Qxc3 22. Rd1 Rxd1+ 23. Kxd1 Rd8+ 24. Ke2 Qd2+ 25. Kf1 Qc1+ 0-1

[Event "Challenge"]
[Site "http://www.queenalice.com/game.php?id=1039787"]
[Date "2012.3.16"]
[Round "-"]
[White "flmendel"]
[Black "marcelohr"]
[Result "0-1"]
[WhiteElo "1305"]
[BlackElo "1550"]

1. e4 e5 2. d4 exd4 3. Qxd4 Nc6 4. Qd5 Nb4 5. Qd2 f5 6. exf5 d5 7. Bb5+ Bd7 8.
Nc3 c6 9. Be2 Bxf5 10. Bd3 Qd7 11. Bxf5 Qxf5 12. Kd1 d4 13. Nce2 O-O-O 14. Nxd4
Qg4+ 15. Ngf3 c5 16. h3 Qxg2 17. Rg1 Qxh3 18. c3 cxd4 19. cxb4 Qxf3+ 20. Kc2 Nf6
21. Qg5 Bxb4 22. Bd2 Ne4 23. Rg3 d3+ 24. Kb3 Nxg3 25. fxg3 Bxd2 26. Qxg7 Ba5 27.
Rc1+ Kb8 28. Qg5 d2+ 29. Rc3 d1=Q+ 30. Kc4 Qe4+ 31. Kb5 Qb4# 0-1

[Event "Challenge"]
[Site "http://www.queenalice.com/game.php?id=1039788"]
[Date "2012.3.16"]
[Round "-"]
[White "marcelohr"]
[Black "flmendel"]
[Result "1-0"]
[WhiteElo "1543"]
[BlackElo "1315"]

1. d4 d5 2. e4 e6 3. exd5 Qxd5 4. c4 Qa5+ 5. Bd2 Qf5 6. Nc3 Nc6 7. d5 Nd4 8. Be3
c5 9. Nf3 Nc2+ 10. Ke2 Nxa1 11. Nb5 Kd7 12. dxe6+ Kxe6 13. Nfd4+ cxd4 14. Nxd4+
Kf6 15. Nxf5 Bxf5 16. Qxa1 Rd8 17. b3+ Ke7 18. Qe5+ Be6 19. g3 f6 20. Bg5 h6 21.
Bh3 hxg5 22. Qxe6# 1-0

[Event "Challenge"]
[Site "http://www.queenalice.com/game.php?id=1043279"]
[Date "2012.3.27"]
[Round "-"]
[White "flmendel"]
[Black "marcelohr"]
[Result "0-1"]
[WhiteElo "1351"]
[BlackElo "1529"]

1. f3 d5 2. e4 e5 3. d4 dxe4 4. fxe4 Nf6 5. Bg5 Bg4 6. Nf3 Be7 7. Bc4 Nxe4 8.
O-O Bxg5 9. h3 Be3+ 10. Kh1 Nf2+ 11. Rxf2 Bxf2 12. hxg4 e4 13. Qe2 e3 14. Nc3
Nc6 15. Ne4 Nxd4 16. Qd3 h5 17. g5 Qd7 18. g4 hxg4+ 19. Nh2 g3 20. Nxf2 Rxh2+
21. Kg1 exf2+ 22. Kf1 Qh3# 0-1

[Event "Challenge"]
[Site "http://www.queenalice.com/game.php?id=1043280"]
[Date "2012.3.27"]
[Round "-"]
[White "flmendel"]
[Black "marcelohr"]
[Result "0-1"]
[WhiteElo "1337"]
[BlackElo "1566"]

1. d4 d5 2. Nc3 c5 3. dxc5 e5 4. Nxd5 Bxc5 5. Nh3 Nf6 6. Ng5 Nxd5 7. h4 h6 8.
Nf3 Qf6 9. Qxd5 Na6 10. Nxe5 O-O 11. Nd7 Bxd7 12. Qxd7 Qxf2+ 13. Kd1 Rad8 14.
Qxd8 Rxd8+ 15. Bd2 Qe3 0-1

[Event "Challenge"]
[Site "http://www.queenalice.com/game.php?id=1044963"]
[Date "2012.4.1"]
[Round "-"]
[White "carloscolangelo"]
[Black "marcelohr"]
[Result "1-0"]
[WhiteElo "1541"]
[BlackElo "1545"]

1. e4 e5 2. Nf3 Nc6 3. Bc4 Nf6 4. Ng5 Rg8 5. Nc3 Bc5 6. Bxf7+ Kf8 7. Bxg8 Kxg8
8. a3 d6 9. b4 Bd4 10. O-O Ng4 11. Qf3 Qxg5 12. d3 Qh4 13. h3 Bxc3 14. Rb1 Be6
15. g3 Nd4 16. Qxg4 Bxg4 17. gxh4 Bxh3 18. Rd1 Nf3+ 19. Kh1 a5 20. b5 a4 21. Bb2
Bxb2 22. Rxb2 Nxh4 23. Rg1 Be6 24. Rg3 Rf8 25. c3 d5 26. c4 dxe4 27. dxe4 Bxc4
28. Rb1 Rxf2 29. Rbg1 Bxb5 30. Rxg7+ Kf8 31. Rxh7 Nf3 32. Rgg7 Bc6 33. Rxc7 Bxe4
34. Rh8# 1-0

[Event "Challenge"]
[Site "http://www.queenalice.com/game.php?id=1044964"]
[Date "2012.4.1"]
[Round "-"]
[White "marcelohr"]
[Black "carloscolangelo"]
[Result "0-1"]
[WhiteElo "1563"]
[BlackElo "1523"]

1. d4 e6 2. c4 c5 3. d5 d6 4. e4 e5 5. Be2 Nf6 6. Bg5 h6 7. Bxf6 Qxf6 8. Nf3 a6
9. Nc3 Be7 10. Qa4+ Bd7 11. Nb5 O-O 12. Qa5 Bxb5 13. cxb5 Nd7 14. Qc7 Rfd8 15.
Qxb7 axb5 16. Qxb5 Rab8 17. Qa4 Rxb2 18. O-O Rxe2 19. Rab1 Qf4 20. Rfe1 Rxe1+
21. Nxe1 Rb8 22. g3 Qg4 23. f3 Qg5 24. h4 Qxg3+ 25. Kf1 Rxb1 26. Qxd7 Qxf3+ 27.
Kg1 Rxe1+ 28. Kh2 Re2+ 29. Kg1 Qg2# 0-1

[Event "Challenge"]
[Site "http://www.queenalice.com/game.php?id=1048692"]
[Date "2012.4.13"]
[Round "-"]
[White "marcelohr"]
[Black "carloscolangelo"]
[Result "1-0"]
[WhiteElo "1524"]
[BlackElo "1577"]

1. d4 Nc6 2. e4 d6 3. d5 Ne5 4. Nf3 Nxf3+ 5. Qxf3 e5 6. Nc3 Nf6 7. Bg5 h6 8.
Bb5+ Bd7 9. Bxf6 Qxf6 10. Bxd7+ Kxd7 11. Qg4+ Ke8 12. Nb5 Qe7 13. O-O-O a6 14.
Nc3 c6 15. f4 exf4 16. Qxf4 Qc7 17. Rhf1 cxd5 18. Nxd5 Qd7 19. Nb6 Qe7 20. Rxd6
Rb8 21. Rd7 Qe6 22. Qxb8# 1-0

[Event "Challenge"]
[Site "http://www.queenalice.com/game.php?id=1052012"]
[Date "2012.4.23"]
[Round "-"]
[White "marcelohr"]
[Black "carloscolangelo"]
[Result "1-0"]
[WhiteElo "1532"]
[BlackElo "1521"]

1. d4 d5 2. c4 Nf6 3. cxd5 Nxd5 4. e4 Nb4 5. Nf3 Bg4 6. h3 Bxf3 7. gxf3 N8c6 8.
a3 Na6 9. Bb5 e6 10. d5 exd5 11. exd5 Qe7+ 12. Be3 O-O-O 13. Bxa6 bxa6 14. Qa4
Ne5 15. Qxa6+ Kb8 16. Bxa7+ Ka8 17. Bc5+ Kb8 18. Qb5+ Kc8 19. Bxe7 Bxe7 20. Ke2
Rd6 21. Nd2 Rhd8 22. Rhd1 R8d7 23. a4 Rb6 24. Qa5 Rbd6 25. Qa8# 1-0

[Event "Challenge"]
[Site "http://www.queenalice.com/game.php?id=1052013"]
[Date "2012.4.23"]
[Round "-"]
[White "carloscolangelo"]
[Black "marcelohr"]
[Result "0-1"]
[WhiteElo "1505"]
[BlackElo "1548"]

1. e4 e5 2. Nf3 f5 3. d3 b6 4. exf5 Bc5 5. Nxe5 Bxf2+ 6. Kxf2 Qh4+ 7. g3 Qd4+ 8.
Kg2 Qxe5 9. d4 Qxf5 10. Bd3 Bb7+ 11. Kg1 Qh3 12. Bf1 Qf5 13. Bg2 Bxg2 14. Kxg2
Nc6 15. Re1+ Nge7 16. g4 Qd5+ 17. Kg1 Nxd4 18. c3 Nf3+ 19. Kf2 Nxe1 20. Qxe1
O-O+ 21. Kg1 Rae8 22. b3 Nf5 23. Qf2 Qd1+ 24. Qf1 Re1 25. Qxe1 Qxe1+ 26. Kg2
Nh4+ 27. Kh3 Rf3# 0-1

[Event "Challenge"]
[Site "http://www.queenalice.com/game.php?id=1057533"]
[Date "2012.5.8"]
[Round "-"]
[White "carloscolangelo"]
[Black "marcelohr"]
[Result "0-1"]
[WhiteElo "1536"]
[BlackElo "1544"]

1. e4 e5 2. Nf3 Nf6 3. Nc3 Bb4 4. Bc4 Bxc3 5. bxc3 Nxe4 6. Nxe5 O-O 7. Qe2 d5 8.
Bd3 Re8 9. f4 Qh4+ 10. g3 Nxg3 11. hxg3 Qxh1+ 12. Qf1 Qh2 13. Bb2 Qxg3+ 14. Qf2
Qg4 15. Be2 Qe6 16. O-O-O f6 17. Ng4 Qxe2 18. Qg1 Bxg4 19. Re1 Qxe1+ 20. Qxe1
Rxe1# 0-1

[Event "Challenge"]
[Site "http://www.queenalice.com/game.php?id=1057534"]
[Date "2012.5.8"]
[Round "-"]
[White "marcelohr"]
[Black "carloscolangelo"]
[Result "0-1"]
[WhiteElo "1562"]
[BlackElo "1518"]

1. e4 e5 2. Nf3 Nc6 3. Bc4 Nf6 4. d3 Bc5 5. Bg5 O-O 6. Bxf6 Qxf6 7. Nc3 d6 8.
Nd5 Qg6 9. Nxc7 Qxg2 10. Rf1 Bg4 11. Nh4 Bxf2+ 12. Rxf2 Qg1+ 13. Rf1 Qe3+ 14.
Qe2 Qxe2# 0-1